From a political diary; Russia, the Ukraine, and America, 1905-1945 /

Bibliographic Details
Main Author: Margolin, A. D. (Arnolʹd Davidovich), 1877-1956
Format: Book
Language:English
Published: New York : Columbia university press, [1946]
Subjects:

MARC

Tag First Indicator Second Indicator Subfields
LEADER 00000cam a2200000 4500
001 in00000061492
005 20151007082808.0
008 740424s1946 eng u
010 |a a 46003317  
035 |a (OCoLC)00865260 
035 |9 AAF8420AM 
040 |c VTU  |d TXA  |d UtOrBLW 
049 |a TXAM  |c [230449] 
050 0 |a DK254.M28  |b A3 
092 |a 327.47  |b M329f 
100 1 |a Margolin, A. D.  |q (Arnolʹd Davidovich),  |d 1877-1956. 
245 1 0 |a From a political diary; Russia, the Ukraine, and America, 1905-1945 /  |c by Arnold D. Margolin. 
264 1 |a New York :  |b Columbia university press,  |c [1946] 
264 4 |c ©1946 
300 |a viii, 250 pages ;  |c 25 cm. 
336 |a text  |b txt  |2 rdacontent 
337 |a unmediated  |b n  |2 rdamedia 
338 |a volume  |b nc  |2 rdacarrier 
500 |a "Chiefly ... events in Russia (from 1900 to 1919) and in America (after 1922)" - Pref. 
536 |a From the Estate of George and Mathilda Sabo by Dr. Joseph R. Corcoran & Irene Sabo Corcoran and Family. September 1998. 
650 0 |a World politics. 
651 0 |a United States  |x Foreign relations  |z Soviet Union. 
651 0 |a Soviet Union  |x Foreign relations  |z United States. 
651 0 |a Ukraine  |x Politics and government  |y 1917-1945. 
999 |a MARS 
999 f f |s 09cf3620-f6bd-3130-9443-b9b7cda65c7b  |i 2be7e9cb-eee4-3d7b-ba53-f631454e35ec  |t 0 
952 f f |p ric  |a Texas A&M University  |b Rellis Campus  |c Joint Library Facility  |s JLF  |d Remote Storage  |t 0  |e DK254.M28 A3  |h Library of Congress classification  |i unmediated -- volume  |m A14800675828 
998 f f |a DK254.M28 A3  |t 0  |l Remote Storage